Normal view
MARC view
- university qater
Entry Personal Name
001 - CONTROL NUMBER
- control field: 5040
003 - CONTROL NUMBER IDENTIFIER
- control field: JO-AjAnu
005 - DATE AND TIME OF LATEST TRANSACTION
- control field: 20230606071124.0
008 - FIXED-LENGTH DATA ELEMENTS
- fixed length control field: 230606|| aca||aabn | a|a d
040 ## - CATALOGING SOURCE
- Original cataloging agency: JO-AjAnu
- Transcribing agency: JO-AjAnu
100 ## - HEADING--PERSONAL NAME
- Personal name: university qater
670 ## - SOURCE DATA FOUND
- Source citation: Work cat.: (JO-AjAnu)2605: university qater , author, the proceedings of the 2002 international arab conference Vol.2